| 000 | 005650000a22001690004500 | ||
|---|---|---|---|
| 090 |
_aAR _b01804 |
||
| 245 | 1 | 0 | _aObservaciones de los equinodermos en las Islas del Rosario |
| 650 | 1 | 4 |
_aInvertebrados _994159 |
| 650 | 1 | 4 |
_aHistoria natural _993979 |
| 650 | 1 | 4 |
_aInventarios _992201 |
| 650 | 1 | 4 |
_aEstrellas de mar _995257 |
| 651 | 4 |
_mIslas del Rosario _dBolivar _pColombia _992749 |
|
| 041 | 0 | _aEspañol | |
| 100 | 1 |
_aCaycedo, Ivan Enrique _995258 |
|
| 942 | _cARTICULO | ||
| 773 | 1 |
_tAnales del Instituto de Investigaciones Marinas de Punta Betín _3609 _h11 _q39-47 _d1979 |
|
| 999 |
_c10881 _d10881 |
||